000 00913nam a2200265 i 4500
001 bg
100 1 _aWALKOWIAK, Katarzyna
245 1 0 _aRola izb rolniczych w rozwoju wsi i rolnictwa w Polsce /
_cKatarzyna Walkowiak.
260 _aPoznań :
_bWydaw. Wyższej Szkoły Bankowej,
_c2004.
300 _a207, [1] s. :
_bwykr. ;
_c24 cm.
504 _aBibliogr.
650 9 _aIzby rolnicze
_zPolska
_yod 1944 r.
650 9 _aIzby gospodarcze
_zPolska
_yod 1944 r.
650 9 _aSamorząd gospodarczy
_zPolska
_yod 1944 r.
650 9 _aWieś
_xgospodarka
_zPolska
_yod 1944 r.
650 9 _aRolnictwo
_xpolityka
_zPolska
_yod 1944 r.
020 _a8372052069
040 _cBPK
041 0 _apol
080 _a334.788:338.43](438)"1944/..."
920 _a83-7205-206-9
942 _cKS
008 s pl f |000 0 pol
999 _c45412
_d45412
856 _uhttp://koha.tu.koszalin.pl/cgi-bin/koha/opac-detail.pl?biblionumber=45412
_yKatalog online BPK